Statistics for Capital Cities of different things

Click here to take the quiz!

General Stats

  • This quiz has been taken 116 times
  • The average score is 6 of 15

Answer Stats

HintsCity% Correct
Fashion Capital of the WorldMilan
81%
Bicycle Capital of the WorldAmsterdam
74%
Donut Capital of the WorldLos Angeles
70%
Food Capital of the WorldTokyo
55%
Chocolate Capital of the WorldBrussels
54%
Car Capital of the WorldDetroit
51%
Peace Capital of the WorldGeneva
41%
Casino Capital of the WorldMacau
40%
Coffee Capital of the WorldSeattle
32%
Electric Car Capital of the WorldOslo
21%
River Surfing Capital of the WorldMunich
20%
Rickshaw Capital of the WorldDhaka
19%
Biriyani Capital of the WorldHyderabad
12%
Media Capital of the WorldBurbank
5%
Television Capital of the WorldTijuana
3%

Score Distribution

Percentile by Number Answered

Percent of People with Each Score

Your Score History

You have not taken this quiz